| 000 | 00871nam a2200229 a 4500 | ||
|---|---|---|---|
| 001 | BRCA_4871 | ||
| 005 | 20190320204834.0 | ||
| 008 | 810904s1944 sp-ch####c---#000-0#spa-# | ||
| 041 | _aspa | ||
| 044 | _asp | ||
| 050 | 4 |
_aPQ6343 _b.C38 1944 |
|
| 245 | 1 | 0 | _aCatálogo de la exposición de iconografía cervantina. |
| 260 |
_aBarcelona _bDiputación Provincial de Barcelona, Biblioteca Central _c1944 |
||
| 300 |
_a127 p. _bil. 13 láminas _c24 cm. |
||
| 500 | _aPrecedido de un estudio acerca de los retratos de Cervantes por Juan Givanel y un apéndice sobre las medallas cervantinas por Felipe Mateu | ||
| 500 | _a60-190 | ||
| 504 | _aBibliografía: p. [5]-6 | ||
| 600 | 1 | 4 |
_aCervantes Saavedra, Miguel de _d1547-1616 _vTrabajos Ilustrados _912329 |
| 700 | 1 |
_aGivanel Mas, Juan _d1868-1946 _912330 |
|
| 700 | 1 |
_aMateu y Llopis, Felipe _d1901- _912331 |
|
| 942 |
_2lcc _cB |
||
| 999 |
_c4565 _d4565 |
||